00997nam a2200205Ia 4500952010000000999001700100008004100117050001900158100002800177240006900205245015400274260003100428300003300459500005600492505012200548519004400670650003100714700003400745942001200779 00102lcc4070a03b03d2001-05-15l0oHD69 T55 1968p03 001688r2012-07-20t1w2012-07-20yLB c79284d79284120720t19671968mx d 000 0 spa d aHD69bT55 196810aTimms, Howard L.eautor aThe production function in businesslingléssTítulo original13aLa función de producción en los negociosb : fundamentos y análisis para la administraciónc / Howard L. Timms ; traduccion Luis Gurza Bracho aMéxicob : CECSAc, 1968 a687 páginasb : gráficas aReimpresión: 1968 Incluye: índice (pp. 677-687) aFundamentos de la producción Capacidad para producción Uso efectivo de la capacidad Uso eficiente de la capacidad aMaterial Complementario / d(03 001688)14aPRODUCCIONxADMINISTRACION10aGurza Bracho, Luisetraductor cLB2lcc